Educación Superior en Iberoamérica: informe 2011
-д хадгалсан:
| Үндсэн зохиолчид: | , |
|---|---|
| Формат: | Ном |
| Хэл сонгох: | испани |
| Хэвлэсэн: |
Santiago
RIL
2011
|
| Хэвлэл: | 1a. ed |
| Нөхцлүүд: | |
| Шошгууд: |
Шошго нэмэх
Шошго байхгүй, Энэхүү баримтыг шошголох эхний хүн болох!
|
MARC
| LEADER | 00000cam a2200000 a 4500 | ||
|---|---|---|---|
| 001 | UCG9394 | ||
| 003 | CL-VaPUC | ||
| 008 | 120309e20111000CL |||||||||||||||||spa|d | ||
| 020 | |a 9789567106585 | ||
| 082 | 0 | 4 | |a 378.8 |b BRU |2 21 |
| 100 | 0 | |a Brunner, José Joaquín |e author |9 560938 | |
| 700 | 0 | |a Ferrada Hurtado, Rocío |e author |9 560939 | |
| 245 | 1 | 0 | |a Educación Superior en Iberoamérica: informe 2011 |
| 250 | |a 1a. ed | ||
| 300 | |a 431 p | ||
| 942 | |c BK | ||
| 945 | |d 20120309 00:00:00 |a dcastane | ||
| 260 | |a Santiago |b RIL |c 2011 | ||
| 500 | |a Incluye Cd con informes completos por país | ||
| 650 | 0 | |a Educación superior |9 223851 | |
| 650 | 0 | |a Universidades |9 256317 | |
| 650 | 0 | |a Estado y educación |9 311264 | |
| 650 | 0 | |a Política gubernamental |9 262286 | |
| 583 | |a last modification |c 20120309 14:21:00 |k Rodrigo Vera | ||
| 999 | |c 346949 |d 346947 | ||
| 952 | |0 0 |1 0 |4 0 |6 378_800000000000000_BRU_2011 |7 0 |8 ED_SUP |9 447906 |a BIBGIM |b BIBGIM |c S_PSTGRDO |d 2019-11-22 |i 4844696 |o 378.8 BRU 2011 |p 4844696 |r 2025-01-15 |w 2019-11-22 |y BK |k ESU | ||